Normal view
MARC view
- Amadini M., Bellani D., Bertoni A., Bissola R., Boccacin L., Bonanomi A., Cadei L., Carrà E., Damiola S., Donato S., Facchin F., Fusar Poli C.,
Entry Personal Name
001 - CONTROL NUMBER
- control field: 62624
003 - CONTROL NUMBER IDENTIFIER
- control field:
005 - DATE AND TIME OF LATEST TRANSACTION
- control field: 20250919111628.0
008 - FIXED-LENGTH DATA ELEMENTS
- fixed length control field: 250919|| aca||aabn | a|a d
040 ## - CATALOGING SOURCE
- Original cataloging agency:
- Transcribing agency:
100 ## - HEADING--PERSONAL NAME
- Personal name: Amadini M., Bellani D., Bertoni A., Bissola R., Boccacin L., Bonanomi A., Cadei L., Carrà E., Damiola S., Donato S., Facchin F., Fusar Poli C.,
- Personal name: Iafrate R., Limongelli P., Lopez Narbona A.M., Lopez G., Luppi F., Mazzucchelli S., Molgora S., Mussetto G., Nicolussi A., Ortega Gaspar M.,
- Personal name: Paolino C., Parise M., Pavesi N., Perali F., Pesenti L., Portonera G., Regalia C., Rivellini G., Rosnati R., Rusconi C., Saita E., Sorge A., Tabacchi A.,
- Personal name: Truscello G., Vagnini D., Zini P
670 ## - SOURCE DATA FOUND
- Source citation: Work cat.: ()360627: Carrà Elisabetta, Boccacin Lucia (a cura di) 62623, Think Family, Act Family, 2024